| 000 | 00688cam a2200229 a 4500 | ||
|---|---|---|---|
| 001 | 000006324 | ||
| 005 | 20200929153921.0 | ||
| 008 | 880815s1986 ck 001 p spa | ||
| 020 | _a9581401423 | ||
| 040 |
_aDO-SdBNP _cDLC _dDLC |
||
| 082 |
_aC861.44 _bA786t |
||
| 100 | 1 |
_aArtel, Jorge, _d1909-1994. _917637 |
|
| 245 | 1 | 0 |
_aTambores en la noche / _cJorge Artel. |
| 260 |
_aBogota, Colombia : _bPlaza & Janés, _c1986. |
||
| 300 |
_a172 p. ; _c20 cm. |
||
| 490 | 1 | _aNarrativa colombiana | |
| 490 | 1 | _aPoemas | |
| 650 | 4 |
_aPoesìa colombiana _93742 |
|
| 650 | 4 |
_aLiteratura colombiana _91244 |
|
| 830 | 0 |
_aNarrativa colombiana, _pPoemas. _917638 |
|
| 910 | _aCatalogación por copia / LC | ||
| 999 |
_c6119 _d6119 |
||